| 000 | 00743 a2200241 4500 | ||
|---|---|---|---|
| 003 | OSt | ||
| 005 | 20180116182908.0 | ||
| 008 | 160520b xxu||||| |||| 00| 0 eng d | ||
| 020 | _a080946070X (hardcover) | ||
| 020 | _a9780809460700 (hardcover) | ||
| 040 | _c0 | ||
| 082 | 0 | 4 | _a004 LTB 1989 |
| 100 | _aTime life Books | ||
| 245 | 1 | 0 |
_aIllustrated chronology and index / _cTime-Life Books. |
| 260 |
_a[S.l.] : _bTime Life Medical, _c1989. |
||
| 300 |
_a128 p. ; _c28 cm. _bHB |
||
| 490 | 1 | _aUnderstanding computers. | |
| 520 | _abook. | ||
| 700 | 1 | _aBooks, Time-Life. | |
| 830 | 0 | _aUnderstanding computers. | |
| 856 | 4 | 0 |
_3Amazon.com _uhttp://www.amazon.com/exec/obidos/ASIN/080946070X/chopaconline-20 |
| 942 |
_aNBS _cBK _k004 LTB _2ddc |
||
| 999 |
_c348045 _d348045 |
||